Noem alle voetbal ploegen in Nederland met stad - Eredivisie 2024 2025 - Statistieken

Algemene statistieken
  • Deze quiz is 106 keer genomen
  • De gemiddelde score is 29 van 36
Antwoordstatistieken
Hint Antwoord % Correct
Feyenoord
97%
Ajax
96%
Ploegen PSV
95%
Amsterdam
93%
Rotterdam
93%
Rotterdam
93%
Steden Eindhoven
91%
Sparta
91%
AZ
88%
Groningen
87%
Utrecht
87%
FC Twente
86%
FC Utrecht
86%
FC Groningen
84%
Almere
83%
Heerenveen
82%
Alkmaar
80%
Breda
79%
N.E.C.
79%
Zwolle
78%
Almere City
75%
Nijmegen
75%
Enschede
74%
Go Ahead Eagles
74%
PEC
74%
RKC
74%
Sittard
74%
Tilburg
74%
Waalwijk
74%
Fortuna
72%
Heracles
72%
Deventer
70%
sc Heerenveen
67%
Almelo
66%
NAC Breda
66%
Willem II
66%
Geen overeenkomende quizzen gevonden
Scoreverdeling
Procent van Mensen met Elke Score
Percentiel versus Aantal Correcte Antwoorden
Uw Scoregeschiedenis
U heeft deze quiz nog niet genomen